| 000 | 00420nam a22001577a 4500 | ||
|---|---|---|---|
| 999 |
_c8011 _d8009 |
||
| 005 | 20220616122056.0 | ||
| 008 | 220616b ||||| |||| 00| 0 eng d | ||
| 020 | _a97815-43346-03-9 | ||
| 041 | _aeng | ||
| 100 |
_aLOVHARE, RAHUL B. AND OTHERS _97295 |
||
| 245 | _aA PRACTICAL MANUAL OF BIOCHEMISTRY & CLINICAL PATHOLOGY | ||
| 260 | _bS. VIKAS AND COMPANY | ||
| 300 | _a151;p | ||
| 650 |
_aPHARMACY _97296 |
||
| 942 | _cBK | ||